| 000 | 00646 a2200193 4500 | ||
|---|---|---|---|
| 020 | _a0312404670 | ||
| 020 | _a0312406304 | ||
| 040 |
_aDLC _bDLC |
||
| 100 | 1 | _aKirszner, Laurie G. | |
| 245 | 1 | 0 |
_aWriting in context: paragraphs and essays with readings _bparagraphs and essays with readings _cLaurie G. Kirszner, Stephen R. Mandell. |
| 260 |
_aBoston : _bBedford/St. Martin's, _cc2003. |
||
| 300 |
_axxx, 701 p. : _bcol. ill. ; _c24 cm. |
||
| 500 | _aIncludes index. | ||
| 650 | 0 |
_aEnglish language _xRhetoric |
|
| 650 | 0 |
_aEnglish language _xGrammar |
|
| 650 | 0 | _aReport writing | |
| 700 | 1 | _aMandell, Stephen R. | |
| 942 |
_cBK _k808.042 KIR _2ddc |
||
| 999 |
_c4752 _d4752 |
||